000 01269cam a22003497a 4500
003 CHAP
005 20220329141106.0
008 971013s1997 r 00010 d
010 _a62464
011 _a63436
035 _a67612
040 _cCHAP
082 _a636.0882
_bT7 v.6
100 0 0 _aVendo Tielves, Raymundo.
_9118673
245 1 3 _aLa educación superior en Cuba su aporte al fomento de un mejor uso de los animales de trabajo
260 _aPinar del Río, Cuba :
_bUniversidad de Pinar del Río,
_c1997
300 _a17 h.
_b; anexo
500 _aFotocopia
500 _aTrabajo presentado en: Reunión Técnica para un Mejor Uso de los Animales de Trabajo (1997 : Managua, Nicaragua)
590 _aBATCH-UPD
_b10
_c20130110
_lUCH01
_h0441
590 _aBATCH-UPD
_b10
_c20130410
_lUCH01
_h0117
590 _aBATCH-UPD
_b10
_c20130914
_lUCH01
_h0336
590 _aCONVERSION
_b10
_c20130109
_lUCH01
_h1334
650 1 4 _aAnimales de carga.
_95878
650 1 4 _aEducación agrícola
_xCuba.
_935508
650 1 4 _aEducación superior
_xCuba.
_935620
650 1 4 _aEnergía animal.
_936889
901 _aBK
942 _cFOLL
949 _a636.0882 T7 v.6
_bBC
_cESP
_d-152968
_eESP
_h92178
_i67612
_sb
949 _aFolleto 14875
_bBC
_cFOLL
_d-153003
_eTS1
_i67612
_sb
999 _c62464
_d62464